000 00627nam a22002057a 4500
005 20141017094700.0
008 881230s1989 moua b 001 0 eng c
020 _a0801657318
024 0 _ceng
080 _a641.56 WILL
100 1 _aWilliams, Sue Rodwell.
245 1 0 _aNutrition and diet therapy /
_cSue Rodwell Williams.
250 _a6th ed.
260 _aSt. Louis :
_bTimes Mirror/Mosby College Pub.,
_c1989.
300 _a1 v. (various pagings) :
_bme il.;
_c28 cm.
440 0 _aTimes Mirror/Mosby series in nutrition
504 _aIncludes bibliographies and index.
650 2 _aUshqimi dietik
942 _2udc
_cBK
999 _c528
_d528